Statistics for Biggest Rock Bands

Click here to take the quiz!

General Stats

  • This quiz has been taken 22 times
  • The average score is 7 of 10

Answer Stats

Answer% Correct
The Beatles
100%
Nirvana
95%
AC/DC
84%
Queen
84%
Guns N’ Roses
74%
Led Zeppelin
74%
The Eagles
63%
The Rolling Stones
63%
Pink Floyd
53%
U2
53%

Score Distribution

Percentile by Number Answered

Percent of People with Each Score

Your Score History

You have not taken this quiz